000
00263nam a22001217a 4500
008
181002b xxu||||| |||| 00| 0 eng d
041
_a
eng
080
_a
610
100
_a
6
101
_a
ANE
245
_a
Closed-circuit anesthesia
_c
Lin,Ch.Y
942
_2
udc
_c
BK
999
_c
48775
_d
48775